000 00477nam a22001937a 4500
005 20260205161347.0
008 260205b |||||||| |||| 00| 0 eng d
020 _a9789358401783
_c250.00
040 _aMAIN
041 _aEnglish
082 _a332.1
_bGAR
100 _aGarg, Rohit
_926202
245 _aFundamentals of Banking And Insurance
260 _aMumbai
_bHimalaya
_c2024
300 _a112
650 _aCommerce
700 _aArora, Tanu
_926203
942 _cBK
999 _c60251
_d60251